UBT Library

Careers in the environment / (Record no. 44386)

000 -LEADER
fixed length control field 00800cam a2200229 a 4500
001 - CONTROL NUMBER
control field 11824872
005 - DATE AND TIME OF LATEST TRANSACTION
control field 20180308034404.0
008 - FIXED-LENGTH DATA ELEMENTS--GENERAL INFORMATION
fixed length control field 991027s2000 ilua 000 0 eng
010 ## - LIBRARY OF CONGRESS CONTROL NUMBER
LC control number 99056366
020 ## - INTERNATIONAL STANDARD BOOK NUMBER
International Standard Book Number 0658002236
020 ## - INTERNATIONAL STANDARD BOOK NUMBER
International Standard Book Number 0658002244 (pbk.)
040 ## - CATALOGING SOURCE
Original cataloging agency DLC
Transcribing agency DLC
Modifying agency DLC
041 ## - LANGUAGE CODE
Language code of text/sound track or separate title eng
080 ## - UNIVERSAL DECIMAL CLASSIFICATION NUMBER
Universal Decimal Classification number 363.7002
082 00 - DEWEY DECIMAL CLASSIFICATION NUMBER
Classification number 363.7002 FAS
Edition number 21
100 1# - Rafti
Rafti 9
101 ## - Shkurtesa
Shkurtesa MJE
245 10 - TITLE STATEMENT
Title Careers in the environment /
Statement of responsibility, etc Michael Fasulo, Paul Walker.
906 ## - LOCAL DATA ELEMENT F, LDF (RLIN)
a 7
b cbc
c orignew
d 1
e ocip
f 19
g y-gencatlg
942 ## - ADDED ENTRY ELEMENTS (KOHA)
Source of classification or shelving scheme
Item type Books
Holdings
Withdrawn status Lost status Source of classification or shelving scheme Damaged status Not for loan Collection code Permanent location Current location Shelving location Date acquired Total Checkouts Full call number Barcode Date last seen Price effective from Koha item type
          Koleksioni i përgjithshem UBT - Lipjan UBT - Lipjan Koleksioni i përgjithshem 03/08/2018   363.7002 FAS 002-3000938 03/08/2018 03/08/2018 Books
UBT Library © 2015-2024. All rights reserved University Education for Business and Technology